000 00665cam a2200217 4500
001 ABS62147
008 000000n2000 000 0 eng u
035 _a(Sirsi) u105833
100 _aSchumann, N.
245 _aLet's get one thing clear
260 _c2000
490 _aBuilding
_v265(8133) 20 April 2000, 57(1)
520 _aAdvises on details to be included in glass performance specifications, to prevent defects and failures when glass is used structurally.
590 _aABS
650 _aGLASS
650 _aSPECIFICATIONS
650 _aGLAZING
650 _aSTRUCTURAL GLAZING
690 _aBUILT ENVIRONMENT-BUILDING MATERIALS
942 _n0
999 _c63375
_d63375